|
|
|
|
| LEADER |
00000nab a2200000 ar4500 |
| 001 |
vtls010033220 |
| 003 |
SK-MaSNL |
| 005 |
20260318140628.0 |
| 008 |
091217c2009 xo |||||||| 000 b|hun |
| 015 |
|
|
|a SNBRB2009/12
|2 snkbucl
|
| 038 |
|
|
|a SNKBUCL
|
| 040 |
|
|
|a DSZK
|b slo
|c DSZK
|e AACR2
|
| 041 |
0 |
|
|a hun
|
| 044 |
|
|
|a xo
|c SK
|
| 080 |
|
|
|a 373.3
|x (=511.141)
|x (437.6)
|2 1997
|
| 080 |
|
|
|a 728.4
|x (437.6)
|2 1997
|
| 100 |
1 |
|
|a Kurcz, Ilona
|4 aut
|9 840041
|
| 245 |
1 |
0 |
|a Beteljesült remény
|c Kurcz Ilona
|
| 300 |
|
|
|b Fotogr.
|
| 610 |
2 |
7 |
|a Spojená cirkevná škola Marianum s vyučovacím jazykom maďarským (Komárno, Slovensko).
|b Internát sv. Imricha
|2 snkbucl
|9 1128448
|
| 650 |
0 |
7 |
|a stredoškolské internáty
|2 snkbucl
|9 1096492
|
| 651 |
|
7 |
|a Komárno (Slovensko)
|2 snkbucl
|9 39168
|
| 773 |
0 |
|
|t Remény
|g Évf. XX, sz. 51-52 (2009), o. 21
|x 1335-6534
|
| 852 |
|
|
|a SNK
|b KIS3GCP
|
| 852 |
|
|
|a DSZK
|b KIS3GCP
|
| 958 |
|
|
|a HU
|
| 958 |
|
|
|a SK
|
| 958 |
|
|
|a NT
|
| 999 |
|
|
|c 1897660
|d 1899590
|